000 00499nam a2200169 a 4500
001 000013418
005 20200929163226.0
008 091124s1984 dr 001 0 spa d
040 _aDO-SdBNP
_bspa
_cBNPHU
082 _axxxx
_bC395a
100 1 _aCenac, Tony
_930665
245 1 3 _aEl asesino de Santo Domingo /
_cTony Cenac.
260 _aSanto Domingo :
_bAlfa & Omega,
_c1984.
300 _a101 p. ;
_c17 cm.
500 _aIncluye datos biográficos del autor en la contraportada
049 _aBNPD
999 _c13044
_d13044